Countries that Beat Tajikistan - Statistics

General Stats
  • This quiz has been taken 334 times
    131 since last reset
  • The average score is 10 of 15
Answer Stats
Rank Category Countries % Correct
9 (t) Whose flag has the most stars United States | Brazil | Uzbekistan | Cape Verde |Dominica | Bosnia and Herzegovina | Tuvalu | Venezuela
99%
7 Least democratic in Asia [1] Afghanistan | Myanmar | North Korea | Syria |Turkmenistan | Laos
97%
3 Highest average elevation Bhutan | Nepal
95%
6 Smallest country starting with T Tuvalu | Tonga | Trinidad and Tobago | Taiwan | Togo
92%
7 Joined the Soviet Union latest Estonia | Latvia | Lithuania | Moldova | Kyrgyzstan | Kazakhstan
90%
2 Closest non-bordering country to Kazakstan Mongolia
67%
2 Most ethnic Tajik people Afghanistan
64%
2 Tallest dam China
59%
7 Oldest still-in-operation flag carrier airline Netherlands | Colombia | Australia | Russia |Czech Republic | Finland
55%
2 Furthest from the world ocean Kyrgyzstan
54%
5 Highest % of Muslim population * excluding Arab League countries Afghanistan | Iran | Maldives | Niger
52%
2 Northernmost capital starting with D Ireland
49%
2 Largest glacier * excluding Antarctica United States
47%
11 Longest-serving current state leader [2] Brunei | Sweden | Cameroon | Equatorial Guinea | Iran |Eswatini | Liechtenstein | Uganda | Norway | Eritrea
35%
6 Newest currently-official tricolor flag * flags with symbols on them count as well Mauritania | Myanmar | Lesotho | Rwanda | Ethiopia
14%
No matching quizzes found
Score Distribution
Percent of People with Each Score
Percentile by Number Answered
Your Score History
You have not taken this quiz since the last reset